| 000 | 00746nam a22002297a 4500 | ||
|---|---|---|---|
| 003 | OSt | ||
| 005 | 20260119065639.0 | ||
| 008 | 260119b |||||||| |||| 00| 0 eng d | ||
| 020 | _a1-56134-203-3. | ||
| 040 |
_aDWCL-Main lib. _cOC |
||
| 082 | _aCirc. 155.05 An615 1993 | ||
| 100 | _aFenson, Larry | ||
| 245 |
_aAnnual editions : _bHuman development 93/94/ _cLarry Fenson |
||
| 260 |
_aGuilford, Conn. : _bThe Dushkin Publishing Group Inc., _c c1993. |
||
| 300 |
_a240 pages : _b illustrations ; _c28 centimeters. |
||
| 504 | _aIncludes index. | ||
| 650 | _a1. Child study-Periodicals. | ||
| 650 | _a2. Old age-Periodicals. | ||
| 650 | _a3. Socialization-Periodicals. | ||
| 700 | _aFenson, Judith | ||
| 942 |
_2ddc _cBK-CIRC _hCirc. _n0 |
||
| 999 |
_c7546 _d7546 |
||